00418nam a2200145Ia 4500008004100000082001000041100002600051245002300077260000800100630002300108730002300131942000900154999001900163952009000182100328s9999 xx 000 0 und d b14868 aGardener Erle Stanley aDubious Bridegroom b--- aDubious Bridegroom aDubious Bridegroom cBOOK c509759d509756 00104070aRNVbRNVd2010-03-28l0pRNV-14868r2010-03-28 00:00:00w2010-03-28yBOOK